Vom Wesen der Strafgesetze in der neueren Rechtsentwicklung: Entwicklungsstufen des Grundsatzes "nulla poena sine lege"
| Main Author: | |
|---|---|
| Format: | Print Book |
| Language: | German |
| Published: |
Tübingen
Mohr
1968
|
| In: |
Recht und Staat in Geschichte und Gegenwart (358)
Year: 1968 |
| Availability in Tübingen: | Present in Tübingen. IFK: F I 78 |
| Check availability: | HBZ Gateway |
| Subito Delivery Service: | Order now. |
| Keywords: |
MARC
| LEADER | 00000cam a2200000 c 4500 | ||
|---|---|---|---|
| 001 | 1078037426 | ||
| 003 | DE-627 | ||
| 005 | 20260206193653.0 | ||
| 007 | tu | ||
| 008 | 850101s1968 gw ||||| 00| ||ger c | ||
| 035 | |a (DE-627)1078037426 | ||
| 035 | |a (DE-603)046169237 | ||
| 035 | |a (DE-576)008037426 | ||
| 035 | |a (DE-599)BSZ008037426 | ||
| 035 | |a (OCoLC)05458436 | ||
| 035 | |a (OCoLC)611880652 | ||
| 035 | |a (OCoLC)263582257 | ||
| 035 | |a (DE-604)8029145325 | ||
| 040 | |a DE-627 |b ger |c DE-627 |e rakwb | ||
| 041 | |a ger | ||
| 044 | |c XA-DE | ||
| 050 | 0 | |a KK8026 | |
| 082 | 0 | |a 344.120943 KLE | |
| 084 | |a 2 |2 ssgn | ||
| 084 | |a MB 3300 |2 rvk |0 (DE-625)rvk/122313: | ||
| 084 | |a PH 2720 |2 rvk |0 (DE-625)rvk/136010: | ||
| 084 | |a PH 2300 |2 rvk |0 (DE-625)rvk/135986: | ||
| 084 | |a PC 4720 |2 rvk |0 (DE-625)rvk/135084: | ||
| 084 | |a PH 2260 |2 rvk |0 (DE-625)rvk/135982: | ||
| 084 | |a 86.33 |2 bkl | ||
| 100 | 1 | |a Kleinheyer, Gerd |d 1931- |0 (DE-588)123485355 |0 (DE-627)082582467 |0 (DE-576)161733263 |4 aut | |
| 109 | |a Kleinheyer, Gerd 1931- |a Ge er de ke lai yin hai er 1931- |a Ke lai yin hai er, Ge er de 1931- | ||
| 245 | 1 | 0 | |a Vom Wesen der Strafgesetze in der neueren Rechtsentwicklung |b Entwicklungsstufen des Grundsatzes "nulla poena sine lege" |c von Gerd Kleinheyer |
| 264 | 1 | |a Tübingen |b Mohr |c 1968 | |
| 300 | |a 24 S. | ||
| 336 | |a Text |b txt |2 rdacontent | ||
| 337 | |a ohne Hilfsmittel zu benutzen |b n |2 rdamedia | ||
| 338 | |a Band |b nc |2 rdacarrier | ||
| 490 | 1 | |a Recht und Staat in Geschichte und Gegenwart |v 358 | |
| 583 | 1 | |a Archivierung/Langzeitarchivierung gewährleistet |f PEBW |x XA-DE-BW |2 pdager |5 DE-24 | |
| 650 | 0 | |a Ex post facto laws |z Germany |x History | |
| 650 | 0 | 7 | |0 (DE-588)4020660-9 |0 (DE-627)106317172 |0 (DE-576)208934340 |a Gesetz |2 gnd |
| 650 | 0 | 7 | |0 (DE-588)4042789-4 |0 (DE-627)106212699 |0 (DE-576)209052473 |a Nullum crimen sine lege |2 gnd |
| 650 | 0 | 7 | |0 (DE-588)4057785-5 |0 (DE-627)106149474 |0 (DE-576)209123699 |a Strafe |2 gnd |
| 650 | 0 | 7 | |0 (DE-588)4127818-5 |0 (DE-627)105721891 |0 (DE-576)209596791 |a Strafgesetz |2 gnd |
| 689 | 0 | 0 | |d s |0 (DE-588)4057785-5 |0 (DE-627)106149474 |0 (DE-576)209123699 |a Strafe |2 gnd |
| 689 | 0 | 1 | |d s |0 (DE-588)4020660-9 |0 (DE-627)106317172 |0 (DE-576)208934340 |a Gesetz |2 gnd |
| 689 | 0 | |5 (DE-627) | |
| 689 | 1 | 0 | |d s |0 (DE-588)4042789-4 |0 (DE-627)106212699 |0 (DE-576)209052473 |a Nullum crimen sine lege |2 gnd |
| 689 | 1 | 1 | |d s |0 (DE-588)4127818-5 |0 (DE-627)105721891 |0 (DE-576)209596791 |a Strafgesetz |2 gnd |
| 689 | 1 | |5 (DE-627) | |
| 689 | 2 | 0 | |d s |0 (DE-588)4057785-5 |0 (DE-627)106149474 |0 (DE-576)209123699 |a Strafe |2 gnd |
| 689 | 2 | 1 | |d s |0 (DE-588)4020660-9 |0 (DE-627)106317172 |0 (DE-576)208934340 |a Gesetz |2 gnd |
| 689 | 2 | |5 (DE-627) | |
| 689 | 3 | 0 | |d s |0 (DE-588)4042789-4 |0 (DE-627)106212699 |0 (DE-576)209052473 |a Nullum crimen sine lege |2 gnd |
| 689 | 3 | 1 | |d s |0 (DE-588)4127818-5 |0 (DE-627)105721891 |0 (DE-576)209596791 |a Strafgesetz |2 gnd |
| 689 | 3 | |5 (DE-627) | |
| 830 | 0 | |a Recht und Staat in Geschichte und Gegenwart |v 358 |9 358 |w (DE-627)13010180X |w (DE-576)015634345 |w (DE-600)502135-2 |x 0340-7012 |7 am | |
| 889 | |w (DE-627)021398429 | ||
| 935 | |i mdedup | ||
| 935 | |h HEB |i 0501 | ||
| 935 | |h HEB |i 0503 | ||
| 936 | r | v | |a MB 3300 |b Politik und Recht |k Politologie |k Grundlagen und Selbstverständnis des Faches |k Beziehungen der Politik zu anderen Disziplinen und Bereichen. Politik und Wissenschaft |k Politik und Recht |0 (DE-627)1271424339 |0 (DE-625)rvk/122313: |0 (DE-576)201424339 |
| 936 | r | v | |a PH 2720 |b Gesetzlichkeitsprinzip (Analogie- und Rückwirkungsverbot, Bestimmtheitsgrundsatz) |k Rechtswissenschaft |k Strafrecht, Strafverfahrensrecht, Kriminologie |k Strafrecht |k Strafrecht und Grundgesetz |k Gesetzlichkeitsprinzip (Analogie- und Rückwirkungsverbot, Bestimmtheitsgrundsatz) |0 (DE-627)1271941457 |0 (DE-625)rvk/136010: |0 (DE-576)201941457 |
| 936 | r | v | |a PH 2300 |b Gesamtdarstellungen |k Rechtswissenschaft |k Strafrecht, Strafverfahrensrecht, Kriminologie |k Allgemeines und Geschichte |k Geschichte |k Gesamtdarstellungen |0 (DE-627)1271941481 |0 (DE-625)rvk/135986: |0 (DE-576)201941481 |
| 936 | r | v | |a PC 4720 |b Sammelwerke |k Rechtswissenschaft |k Allgemeines zum juristischen Studium und zur Rechtswissenschaft |k Festschriften, Sammelwerke |k Sammelwerke |0 (DE-627)1271142279 |0 (DE-625)rvk/135084: |0 (DE-576)201142279 |
| 936 | r | v | |a PH 2260 |b Wissenschaft, Forschung, Methodik, Allgemeine Prinzipien, System |k Rechtswissenschaft |k Strafrecht, Strafverfahrensrecht, Kriminologie |k Allgemeines und Geschichte |k Allgemeines |k Wissenschaft, Forschung, Methodik, Allgemeine Prinzipien, System |0 (DE-627)1272236587 |0 (DE-625)rvk/135982: |0 (DE-576)202236587 |
| 936 | b | k | |a 86.33 |j Strafrecht: Allgemeines |0 (DE-627)106422413 |
| 936 | s | n | |a p100 |2 mzub |
| 951 | |a BO | ||
| ELC | |b 1 | ||
| LOK | |0 000 xxxxxcx a22 zn 4500 | ||
| LOK | |0 001 2063328935 | ||
| LOK | |0 003 DE-627 | ||
| LOK | |0 004 1078037426 | ||
| LOK | |0 005 20020607000000 | ||
| LOK | |0 008 930803||||||||||||||||ger||||||| | ||
| LOK | |0 040 |a DE-21-110 |c DE-627 |d DE-21-110 | ||
| LOK | |0 852 |a DE-21-110 | ||
| LOK | |0 852 1 |c F I 78 |m p |9 00 | ||
| LOK | |0 935 |a k110 | ||
| LOK | |0 936ln |a 5.7 | ||
| LOK | |0 938 |k p | ||
| LOK | |0 939 |a 03-08-93 |b l01 | ||
| ORI | |a SA-MARC-krimdoka001.raw | ||
| SIG | |a IFK: F I 78 | ||
